00744nam a2200193 a 450000100100000000500170001000800410002702000150006804000250008324500660010826000400017430000210021449000180023570000390025383000250029295201110031795201050042899900170053300004058320201002034230.0130902s2008 dr 000 0 spa d a8478841911 aDO-SdBNPbspacBNPHU00aCuentos brasileños /cJoaquín Machado de Assis...[et.al]. aMadrid :bEditorial Popular,c2008. a106 p. ;c20 cm.1 aLetras Grande1 aMachado de Assis, Joaquín966916 0aLetras Grande966917 0010718PDaGRbGRcCTd2013-09-02iLF1l0o p40583-10r2020-06-25te. 2w2020-06-25yLFPDZNo se presta 0010718PDaGRbGRcCTd2013-09-02iLF1l0o p40583-20r2020-06-25w2020-06-25yLFPDZNo se presta c40073d40073